000 00532cam a2200157 4500
008 101014n 000 0 eng u
020 _a9788570970695
035 _a(Sirsi) a171652
050 _aBF 1999 GON 2009
100 _aGonzalez Pecotche Carlos Bernardo
245 _aInitiation course into logosophy:
_bthe study and practice of the cognitions contained in this course/
_cby Carlos Bernardo Gonzalez Pecotche.
250 _a3rd ed.
260 _aSao Paulo:
_bLogosofica,
_c 2009
300 _a102 p.
650 _aLogosofia
999 _c114809
_d114809